| Art - Music/Opera | 6 | 13.33 | 67% | 0% | 67% |
| Art - Other | 3 | 10.00 | 0% | 33% | 67% |
| Art - Painting/Sculpture | 6 | 13.33 | 67% | 33% | 33% |
| Art - Visual | 3 | 13.33 | 33% | 33% | 67% |
| Current Events/Modern World - Mixed/Any | 1 | 10.00 | 100% | 0% | 0% |
| Current Events/Modern World - Rest of world political | 1 | 10.00 | 0% | 100% | 0% |
| Current Events/Modern World - United States social | 1 | 30.00 | 100% | 100% | 100% |
| Geography - Non-U.S. Americas | 1 | 20.00 | 100% | 100% | 0% |
| Geography - United States | 1 | 20.00 | 0% | 100% | 100% |
| History - American | 8 | 18.75 | 63% | 88% | 38% |
| History - European | 9 | 17.78 | 78% | 67% | 33% |
| History - Other | 4 | 15.00 | 50% | 50% | 50% |
| History - World | 8 | 18.75 | 38% | 75% | 75% |
| Literature - American any | 1 | 20.00 | 100% | 100% | 0% |
| Literature - American long fiction | 1 | 10.00 | 100% | 0% | 0% |
| Literature - American poetry | 1 | 30.00 | 100% | 100% | 100% |
| Literature - American short fiction | 1 | 20.00 | 100% | 100% | 0% |
| Literature - British any | 2 | 25.00 | 100% | 50% | 100% |
| Literature - British long fiction | 4 | 12.50 | 100% | 25% | 0% |
| Literature - British poetry | 1 | 10.00 | 100% | 0% | 0% |
| Literature - European any | 1 | 20.00 | 0% | 100% | 100% |
| Literature - European drama | 2 | 20.00 | 100% | 100% | 0% |
| Literature - European long fiction | 3 | 16.67 | 67% | 67% | 33% |
| Literature - European poetry | 2 | 10.00 | 0% | 100% | 0% |
| Literature - World/Misc any | 2 | 30.00 | 100% | 100% | 100% |
| Literature - World/Misc long fiction | 2 | 15.00 | 100% | 0% | 50% |
| Literature - World/Misc poetry | 3 | 20.00 | 100% | 67% | 33% |
| Literature - World/Misc short fiction | 2 | 25.00 | 100% | 50% | 100% |
| Mythology - Greco/Roman | 3 | 10.00 | 33% | 33% | 33% |
| Mythology - Hindu | 1 | 10.00 | 100% | 0% | 0% |
| Mythology - Mixed/Any | 2 | 20.00 | 50% | 100% | 50% |
| Mythology - Norse | 1 | 20.00 | 100% | 0% | 100% |
| Other Academic/Cross-Category - Any | 1 | 20.00 | 100% | 100% | 0% |
| Philosophy - 20th century | 2 | 15.00 | 50% | 0% | 100% |
| Philosophy - Ancient | 1 | 10.00 | 100% | 0% | 0% |
| Philosophy - Enlightenment | 2 | 15.00 | 50% | 50% | 50% |
| Philosophy - Mixed/Any | 3 | 13.33 | 0% | 67% | 67% |
| Philosophy - Pre-20th | 2 | 15.00 | 0% | 100% | 50% |
| Religion - Christianity/Judaism | 2 | 20.00 | 50% | 100% | 50% |
| Religion - Islam | 2 | 20.00 | 100% | 0% | 100% |
| Religion - Mixed/Any | 2 | 10.00 | 50% | 50% | 0% |
| Science - Astronomy | 1 | 20.00 | 100% | 100% | 0% |
| Science - Biology | 7 | 21.43 | 57% | 57% | 100% |
| Science - Chemistry | 4 | 20.00 | 50% | 75% | 75% |
| Science - Compsci | 2 | 20.00 | 50% | 100% | 50% |
| Science - Other | 2 | 20.00 | 50% | 50% | 100% |
| Science - Other/CL/Misc | 1 | 20.00 | 100% | 100% | 0% |
| Science - Physics | 6 | 16.67 | 100% | 17% | 50% |
| Social Science - Economics | 3 | 13.33 | 33% | 67% | 33% |
| Social Science - Law | 1 | 20.00 | 100% | 100% | 0% |
| Social Science - Mixed/Any | 1 | 20.00 | 0% | 100% | 100% |
| Social Science - Psychology | 1 | 30.00 | 100% | 100% | 100% |